[Event "Landesliga Sued 9798"]
[Site "Bayern"]
[Date "1997.12.07"]
[Round "3.5"]
[White "Matevzic, Christian"]
[Black "Wagner, Simon"]
[Result "1-0"]
[WhiteElo "2180"]
[BlackElo "1950"]
[PlyCount "119"]
[EventDate "1997.10.19"]
[EventType "team-tourn"]
[EventRounds "9"]
[EventCountry "GER"]
[SourceTitle "EXT 2020"]
[Source "ChessBase"]
[SourceDate "2019.10.17"]
[SourceVersion "1"]
[SourceVersionDate "2019.10.17"]
[SourceQuality "1"]
[WhiteTeam "Kriegshaber SK"]
[BlackTeam "Groebenzell"]
[WhiteTeamCountry "GER"]
[BlackTeamCountry "GER"]

1. d4 Nf6 2. c4 e6 3. Nf3 b6 4. g3 Bb7 5. Bg2 Bb4+ 6. Bd2 Be7 7. 0-0 0-0 8. Nc3 c5 9. d5 exd5 10. Nh4 Ne4 11. Nf5 d6 12. Ne3 Na6 13. Nexd5 Nxd2 14. Qxd2 Rb8 15. Rad1 Bxd5 16. Nxd5 Re8 17. e3 Bf8 18. Nc3 Nc7 19. Qd3 Re6 20. Rd2 Qe8 21. Bd5 Nxd5 22. Nxd5 Rb7 23. b3 a6 24. a4 g6 25. Rb1 Qc6 26. Ra2 a5 27. Rd2 f5 28. Rbd1 Kf7 29. h4 Re5 30. Qe2 Rb8 31. Rd3 Rbe8 32. R1d2 Rb8 33. Qd1 Rd8 34. Nc3 Re6 35. Nb5 Rf6 36. Rd5 Re6 37. Qc2 Qe8 38. Nc7 Qe7 39. Nxe6 Qxe6 40. Re2 Bg7 41. Rd1 Ke7 42. Qd3 Kd7 43. Qd5 Qxd5 44. Rxd5 Re8 45. Kg2 Bh6 46. h5 Re6 47. Re1 f4 48. hxg6 hxg6 49. gxf4 Bxf4 50. Rh1 Be5 51. Rh7+ Re7 52. Rxe7+ Kxe7 53. Kf3 Ke6 54. Kg4 Bf6 55. f4 Be7 56. Rd1 Bf6 57. e4 Be7 58. Rh1 Kf6 59. Rh7 Ke6 60. Rh8 1-0

[Event "Landesliga Sued 9697"]
[Site "Bayern"]
[Date "1996.10.13"]
[Round "1"]
[White "Wagner, Simon"]
[Black "Strangmueller, Andreas"]
[Result "1/2-1/2"]
[WhiteElo "1950"]
[BlackElo "1895"]
[PlyCount "80"]
[EventDate "1996.10.13"]
[EventType "team-tourn"]
[EventRounds "9"]
[EventCountry "GER"]
[SourceTitle "EXT 2020"]
[Source "ChessBase"]
[SourceDate "2019.10.17"]
[SourceVersion "1"]
[SourceVersionDate "2019.10.17"]
[SourceQuality "1"]
[WhiteTeam "Groebenzell"]
[BlackTeam "Landshut"]
[WhiteTeamCountry "GER"]
[BlackTeamCountry "GER"]

1. e4 e6 2. d4 d5 3. Nd2 c5 4. exd5 Qxd5 5. Ngf3 cxd4 6. Bc4 Qd6 7. 0-0 Nf6 8. Nb3 Nc6 9. Nbxd4 Nxd4 10. Qxd4 Qxd4 11. Nxd4 a6 12. a4 Bc5 13. Nb3 Ba7 14. Be2 Bd7 15. Bf3 Rc8 16. c3 Bc6 17. Bxc6+ Rxc6 18. Na5 Rc7 19. Bf4 Rd7 20. Rad1 Nd5 21. Bg3 Bb6 22. Nc4 Bc7 23. Ne5 Bxe5 24. Bxe5 f6 25. Bg3 Ke7 26. c4 Nb6 27. Rxd7+ Nxd7 28. Rd1 e5 29. f3 Rc8 30. b3 Nc5 31. Rb1 Rd8 32. Bf2 Ne6 33. Kf1 Nd4 34. b4 Ke6 35. b5 Rc8 36. bxa6 bxa6 37. Rb6+ Kf7 38. Rxa6 Rxc4 39. Ra7+ Kf8 40. Ra8+ Kf7 1/2-1/2

[Event "Landesliga Sued 9596"]
[Site "Bayern"]
[Date "1996.01.14"]
[Round "4"]
[White "Wagner, Simon"]
[Black "Gnegel, Boris Igor"]
[Result "0-1"]
[WhiteElo "1950"]
[BlackElo "2010"]
[PlyCount "74"]
[EventDate "1995.10.15"]
[EventType "team-tourn"]
[EventRounds "9"]
[EventCountry "GER"]
[SourceTitle "EXT 2020"]
[Source "ChessBase"]
[SourceDate "2019.10.17"]
[SourceVersion "1"]
[SourceVersionDate "2019.10.17"]
[SourceQuality "1"]
[WhiteTeam "Groebenzell"]
[BlackTeam "Tegernsee TV"]
[WhiteTeamCountry "GER"]
[BlackTeamCountry "GER"]

1. e4 Nf6 2. Nc3 d5 3. exd5 Nxd5 4. Nf3 Bg4 5. Ne4 e6 6. d4 Be7 7. c3 0-0 8. Bd3 Nc6 9. h3 Bxf3 10. Qxf3 e5 11. 0-0 f5 12. Bc4 Kh8 13. Ng3 e4 14. Qe2 Na5 15. Bxd5 Qxd5 16. f3 Bd6 17. fxe4 fxe4 18. Rxf8+ Rxf8 19. Nf1 c5 20. Be3 cxd4 21. Bxd4 Nc6 22. Bf2 Ne5 23. Bxa7 Nd3 24. Ne3 Qe5 25. Ng4 Qg3 26. Rf1 Nf4 27. Rxf4 Qxf4 28. Be3 Qf5 29. Bd4 Bc5 30. Bxc5 Qxc5+ 31. Kh1 Qd5 32. Nf2 Re8 33. c4 Qd4 34. b3 Rf8 35. Ng4 Re8 36. Kh2 e3 37. Kh1 Qd2 0-1

[Event "Oberliga Bayern 9495"]
[Site "Bayern"]
[Date "1995.??.??"]
[Round "?.7"]
[White "Heiling, Thomas"]
[Black "Wagner, Simon"]
[Result "1-0"]
[WhiteElo "2225"]
[BlackElo "1950"]
[PlyCount "59"]
[EventDate "1994.10.09"]
[EventType "team-tourn"]
[EventRounds "9"]
[EventCountry "GER"]
[SourceTitle "EXT 2020"]
[Source "ChessBase"]
[SourceDate "2019.10.17"]
[SourceVersion "1"]
[SourceVersionDate "2019.10.17"]
[SourceQuality "1"]
[WhiteTeam "Marktheidenfeld"]
[BlackTeam "Groebenzell"]
[WhiteTeamCountry "GER"]
[BlackTeamCountry "GER"]

1. d4 Nf6 2. c4 e6 3. Nc3 Bb4 4. Bg5 h6 5. Bh4 c5 6. d5 exd5 7. cxd5 d6 8. e3 0-0 9. Bd3 Nbd7 10. Nge2 Ne5 11. 0-0 Ng6 12. Bg3 Nh5 13. f4 Nxg3 14. Nxg3 f5 15. Qd2 Qf6 16. Rae1 Bd7 17. Kh1 c4 18. Bb1 Bc5 19. e4 Qd4 20. Qc1 Rae8 21. Nxf5 Bxf5 22. Nb5 Qf6 23. exf5 Nh4 24. Re6 Rxe6 25. fxe6 Nf5 26. Bxf5 Qxf5 27. Qxc4 Qf6 28. b4 Be3 29. Nxd6 Bxf4 30. Nf7 1-0